[Event "European Individual Chess Championship 2017"]
[Site "?"]
[Date "2017.06.08"]
[Round "9.22"]
[White "Kovalenko, Igor"]
[Black "Paichadze, Luka"]
[Result "1/2-1/2"]
[BlackElo "2568"]
[WhiteElo "2657"]
[LiveChessVersion "1.4.8"]

1. c4 {[%clk 1:30:58]} Nf6 {[%clk 1:30:46]} 2. Nc3 {[%clk 1:31:24]} e5
{[%clk 1:30:12]} 3. Nf3 {[%clk 1:31:49]} Nc6 {[%clk 1:30:19]} 4. e3
{[%clk 1:31:43]} Bb4 {[%clk 1:21:27]} 5. Qc2 {[%clk 1:32:08]} O-O
{[%clk 1:17:26]} 6. Nd5 {[%clk 1:32:36]} Re8 {[%clk 1:11:12]} 7. Ng5
{[%clk 1:33:02]} h6 {[%clk 1:01:41]} 8. Nxf6+ {[%clk 1:24:24]} Qxf6
{[%clk 1:01:56]} 9. Qh7+ {[%clk 1:24:50]} Kf8 {[%clk 1:02:22]} 10. Ne4
{[%clk 1:25:17]} Qg6 {[%clk 1:02:01]} 11. Qxg6 {[%clk 1:25:43]} fxg6
{[%clk 1:02:29]} 12. Bd3 {[%clk 1:26:09]} Be7 {[%clk 0:50:16]} 13. Nc3
{[%clk 1:25:11]} Kf7 {[%clk 0:50:39]} 14. O-O {[%clk 1:25:31]} g5
{[%clk 0:50:17]} 15. Be4 {[%clk 1:16:47]} d6 {[%clk 0:49:07]} 16. d3
{[%clk 1:16:16]} Bd8 {[%clk 0:47:31]} 17. Bd2 {[%clk 1:09:39]} Ne7
{[%clk 0:46:17]} 18. c5 {[%clk 1:02:04]} dxc5 {[%clk 0:40:29]} 19. Na4
{[%clk 1:02:19]} c6 {[%clk 0:37:41]} 20. Nxc5 {[%clk 1:02:43]} Nd5
{[%clk 0:36:19]} 21. Rfc1 {[%clk 1:01:07]} Nf6 {[%clk 0:32:41]} 22. Bf3
{[%clk 1:00:29]} Bb6 {[%clk 0:29:06]} 23. Be2 {[%clk 0:49:43]} Rd8
{[%clk 0:25:13]} 24. Be1 {[%clk 0:48:29]} Rb8 {[%clk 0:23:34]} 25. a4
{[%clk 0:47:06]} a5 {[%clk 0:21:54]} 26. Ra3 {[%clk 0:40:40]} Bc7
{[%clk 0:20:23]} 27. Nb3 {[%clk 0:32:55]} Ra8 {[%clk 0:20:47]} 28. e4
{[%clk 0:32:45]} Be6 {[%clk 0:13:04]} 29. Nc5 {[%clk 0:32:48]} Bc8
{[%clk 0:13:26]} 30. Nb3 {[%clk 0:25:12]} Be6 {[%clk 0:13:51]} 31. Kf1
{[%clk 0:18:31]} b6 {[%clk 0:11:17]} 32. Nd2 {[%clk 0:18:09]} c5 {[%clk 0:11:21]}
33. Bd1 {[%clk 0:18:28]} Ke7 {[%clk 0:08:11]} 34. Ke2 {[%clk 0:18:05]} Bg4+
{[%clk 0:06:48]} 35. f3 {[%clk 0:18:31]} Bd7 {[%clk 0:07:09]} 36. Nc4
{[%clk 0:18:28]} Nh5 {[%clk 0:05:50]} 37. g3 {[%clk 0:18:43]} Be6
{[%clk 0:03:30]} 38. Ne3 {[%clk 0:18:57]} Nf6 {[%clk 0:03:04]} 39. Bb3
{[%clk 0:19:04]} Bd7 {[%clk 0:03:06]} 40. Bc3 {[%clk 0:48:21]} g4
{[%clk 0:31:26]} 41. f4 {[%clk 0:40:49]} exf4 {[%clk 0:27:22]} 42. Bxf6+
{[%clk 0:41:09]} gxf6 {[%clk 0:27:38]} 43. Nd5+ {[%clk 0:41:36]} Kd6
{[%clk 0:27:59]} 44. gxf4 {[%clk 0:41:55]} Bc6 {[%clk 0:21:27]} 45. Nxf6
{[%clk 0:36:20]} Ke7 {[%clk 0:21:19]} 46. e5 {[%clk 0:31:44]} Rd4
{[%clk 0:21:11]} 47. Rc4 {[%clk 0:31:47]} Bf3+ {[%clk 0:18:06]} 48. Ke3
{[%clk 0:31:48]} Rad8 {[%clk 0:18:25]} 49. Rxd4 {[%clk 0:31:56]} cxd4+
{[%clk 0:18:51]} 50. Kf2 {[%clk 0:32:02]} Rf8 {[%clk 0:18:51]} 51. Bd5
{[%clk 0:30:14]} Bxe5 {[%clk 0:18:24]} 52. fxe5 {[%clk 0:29:27]} Bxd5
{[%clk 0:18:39]} 53. Kg3 {[%clk 0:29:51]} Be6 {[%clk 0:17:37]} 54. Ra1
{[%clk 0:29:55]} Rc8 {[%clk 0:18:00]} 55. Re1 {[%clk 0:25:20]} Rc2
{[%clk 0:17:42]} 56. Re4 {[%clk 0:25:23]} Rxb2 {[%clk 0:16:43]} 57. Rxd4
{[%clk 0:25:49]} b5 {[%clk 0:13:35]} 58. Nd5+ {[%clk 0:15:41]} Bxd5
{[%clk 0:13:57]} 59. Rxd5 {[%clk 0:16:09]} bxa4 {[%clk 0:14:21]} 60. Rxa5
{[%clk 0:16:27]} Rb4 {[%clk 0:13:42]} 61. Ra6 {[%clk 0:15:53]} a3
{[%clk 0:10:22]} 62. Kh4 {[%clk 0:13:18]} Rd4 {[%clk 0:10:34]} 63. Rxa3
{[%clk 0:13:45]} Ke6 {[%clk 0:10:59]} 64. Kh5 {[%clk 0:13:17]} Kxe5
{[%clk 0:11:16]} 65. Rc3 {[%clk 0:13:42]} Rf4 {[%clk 0:09:05]} 66. Rc5+
{[%clk 0:12:38]} Kd6 {[%clk 0:09:19]} 67. Rc2 {[%clk 0:11:34]} Rf3
{[%clk 0:09:38]} 68. Kxg4 1/2-1/2

[Event "European Individual Chess Championship 2017"]
[Site "?"]
[Date "2017.06.08"]
[Round "9.23"]
[White "Kravtsiv, Martyn"]
[Black "Gelashvili, Tamaz"]
[Result "1/2-1/2"]
[BlackElo "2563"]
[WhiteElo "2653"]
[LiveChessVersion "1.4.8"]

1. e4 {[%clk 1:30:56]} c5 {[%clk 1:30:52]} 2. Nf3 {[%clk 1:31:21]} e6
{[%clk 1:31:15]} 3. d4 {[%clk 1:31:02]} cxd4 {[%clk 1:31:38]} 4. Nxd4
{[%clk 1:31:28]} Nc6 {[%clk 1:32:02]} 5. Nc3 {[%clk 1:31:28]} Qc7
{[%clk 1:32:24]} 6. Be2 {[%clk 1:31:18]} a6 {[%clk 1:32:45]} 7. O-O
{[%clk 1:30:42]} Nf6 {[%clk 1:33:07]} 8. Be3 {[%clk 1:30:20]} Be7
{[%clk 1:33:25]} 9. f4 {[%clk 1:29:44]} d6 {[%clk 1:33:49]} 10. Kh1
{[%clk 1:29:18]} O-O {[%clk 1:34:05]} 11. Qe1 {[%clk 1:29:27]} Nxd4
{[%clk 1:34:18]} 12. Bxd4 {[%clk 1:29:50]} b5 {[%clk 1:34:41]} 13. Qg3
{[%clk 1:29:47]} Bb7 {[%clk 1:34:09]} 14. a3 {[%clk 1:29:26]} Bc6
{[%clk 1:34:27]} 15. Rae1 {[%clk 1:28:57]} Rac8 {[%clk 1:33:23]} 16. Bf3
{[%clk 1:28:21]} Rfd8 {[%clk 1:33:31]} 17. Nd1 {[%clk 1:18:05]} a5
{[%clk 1:13:30]} 18. Ne3 {[%clk 1:00:44]} Qb7 {[%clk 1:09:35]} 19. c3
{[%clk 0:54:25]} Ne8 {[%clk 0:53:05]} 20. e5 {[%clk 0:46:50]} b4 {[%clk 0:48:06]}
21. axb4 {[%clk 0:37:56]} axb4 {[%clk 0:48:27]} 22. h4 {[%clk 0:33:11]} Bxf3
{[%clk 0:40:06]} 23. Rxf3 {[%clk 0:33:06]} bxc3 {[%clk 0:25:31]} 24. bxc3
{[%clk 0:33:25]} Qe4 {[%clk 0:24:51]} 25. exd6 {[%clk 0:22:13]} Bxd6
{[%clk 0:24:39]} 26. h5 {[%clk 0:22:30]} Kf8 {[%clk 0:16:59]} 27. Nc4
{[%clk 0:21:46]} Qf5 {[%clk 0:16:35]} 28. Nxd6 {[%clk 0:21:12]} Rxd6
{[%clk 0:16:08]} 29. Re5 {[%clk 0:17:00]} Qb1+ {[%clk 0:16:31]} 30. Re1
{[%clk 0:16:59]} Qf5 {[%clk 0:16:02]} 31. Re5 {[%clk 0:10:41]} Qb1+
{[%clk 0:16:26]} 32. Re1 {[%clk 0:10:00]} 1/2-1/2

[Event "European Individual Chess Championship 2017"]
[Site "?"]
[Date "2017.06.08"]
[Round "9.24"]
[White "Pashikian, Arman"]
[Black "Khismatullin, Denis"]
[Result "1-0"]
[BlackElo "2651"]
[WhiteElo "2603"]
[LiveChessVersion "1.4.8"]

1. d4 {[%clk 1:30:26]} Nf6 {[%clk 1:30:51]} 2. Nf3 {[%clk 1:30:50]} b6
{[%clk 1:31:16]} 3. c4 {[%clk 1:21:30]} Bb7 {[%clk 1:31:32]} 4. g3
{[%clk 1:20:56]} g6 {[%clk 1:31:35]} 5. Bg2 {[%clk 1:17:49]} Bg7 {[%clk 1:31:07]}
6. O-O {[%clk 1:14:04]} O-O {[%clk 1:30:11]} 7. Qc2 {[%clk 1:12:47]} Be4
{[%clk 1:28:43]} 8. Qa4 {[%clk 1:10:19]} Bb7 {[%clk 1:29:00]} 9. Qc2
{[%clk 1:07:50]} Be4 {[%clk 1:28:58]} 10. Qb3 {[%clk 0:56:23]} Nc6
{[%clk 1:08:29]} 11. Nbd2 {[%clk 0:54:26]} d5 {[%clk 1:03:37]} 12. Qd1
{[%clk 0:47:21]} Rc8 {[%clk 0:39:24]} 13. b3 {[%clk 0:40:17]} dxc4
{[%clk 0:32:20]} 14. Bb2 {[%clk 0:30:42]} cxb3 {[%clk 0:29:27]} 15. Nxe4
{[%clk 0:29:52]} Nxe4 {[%clk 0:28:57]} 16. axb3 {[%clk 0:30:10]} Na5
{[%clk 0:21:52]} 17. Qc2 {[%clk 0:08:05]} Nd6 {[%clk 0:21:44]} 18. Rxa5
{[%clk 0:07:42]} bxa5 {[%clk 0:22:06]} 19. Ne5 {[%clk 0:08:06]} c6
{[%clk 0:14:11]} 20. Nxc6 {[%clk 0:07:51]} Re8 {[%clk 0:08:53]} 21. Ba3
{[%clk 0:07:02]} Qd7 {[%clk 0:07:42]} 22. Qc5 {[%clk 0:06:18]} Qe6
{[%clk 0:05:18]} 23. Qxa5 {[%clk 0:04:15]} Qxe2 {[%clk 0:03:56]} 24. Bc5
{[%clk 0:04:21]} Ne4 {[%clk 0:00:44]} 25. Nxe7+ {[%clk 0:00:46]} Rxe7
{[%clk 0:00:58]} 26. Bxe7 {[%clk 0:01:12]} Bxd4 {[%clk 0:00:38]} 27. Qd5
{[%clk 0:00:32]} Bxf2+ {[%clk 0:00:41]} 28. Kh1 {[%clk 0:01:01]} Nd2
{[%clk 0:00:34]} 29. Qd7 {[%clk 0:01:05]} Rb8 {[%clk 0:00:35]} 30. Rc1
{[%clk 0:01:31]} Kg7 {[%clk 0:00:35]} 31. Bd5 {[%clk 0:00:54]} Ne4
{[%clk 0:00:35]} 32. Bf6+ {[%clk 0:00:55]} Nxf6 {[%clk 0:00:37]} 33. Qxf7+
{[%clk 0:01:22]} Kh6 {[%clk 0:01:05]} 34. Qxf6 {[%clk 0:01:44]} Be3
{[%clk 0:00:41]} 35. Bf3 {[%clk 0:01:31]} Qxf3+ {[%clk 0:00:35]} 36. Qxf3
{[%clk 0:01:57]} Bxc1 {[%clk 0:01:01]} 37. Qc3 {[%clk 0:02:09]} Bg5
{[%clk 0:00:31]} 38. h4 {[%clk 0:02:35]} Bd8 {[%clk 0:00:49]} 39. Qe3+
{[%clk 0:02:56]} g5 {[%clk 0:00:48]} 40. Qe6+ {[%clk 0:32:47]} Kh5
{[%clk 0:31:01]} 41. Kg2 {[%clk 0:26:48]} 1-0

[Event "European Individual Chess Championship 2017"]
[Site "?"]
[Date "2017.06.08"]
[Round "9.25"]
[White "Sutovsky, Emil"]
[Black "Forcen Esteban, Daniel"]
[Result "1-0"]
[BlackElo "2545"]
[WhiteElo "2646"]
[LiveChessVersion "1.4.8"]

1. e4 {[%clk 1:30:57]} e6 {[%clk 1:30:33]} 2. d4 {[%clk 1:31:22]} d5
{[%clk 1:30:58]} 3. Nc3 {[%clk 1:31:49]} Nf6 {[%clk 1:30:46]} 4. e5
{[%clk 1:32:14]} Nfd7 {[%clk 1:31:12]} 5. f4 {[%clk 1:32:40]} c5 {[%clk 1:31:37]}
6. Nf3 {[%clk 1:33:06]} Be7 {[%clk 1:32:03]} 7. Be3 {[%clk 1:33:31]} b6
{[%clk 1:31:49]} 8. h4 {[%clk 1:32:29]} Nc6 {[%clk 1:30:52]} 9. h5
{[%clk 1:27:37]} O-O {[%clk 1:30:46]} 10. Bb5 {[%clk 1:19:16]} Ndb8
{[%clk 1:19:50]} 11. Qd2 {[%clk 1:02:39]} a6 {[%clk 1:19:33]} 12. Bxc6
{[%clk 0:57:56]} Nxc6 {[%clk 1:19:58]} 13. Qf2 {[%clk 0:57:40]} cxd4
{[%clk 1:12:28]} 14. Nxd4 {[%clk 0:58:02]} Qc7 {[%clk 1:10:27]} 15. O-O-O
{[%clk 0:52:59]} b5 {[%clk 0:56:23]} 16. Nxc6 {[%clk 0:42:57]} Qxc6
{[%clk 0:54:35]} 17. f5 {[%clk 0:43:14]} exf5 {[%clk 0:39:39]} 18. Nxd5
{[%clk 0:43:43]} Bd8 {[%clk 0:40:00]} 19. Qg3 {[%clk 0:34:25]} Kh8
{[%clk 0:25:22]} 20. Nf4 {[%clk 0:33:30]} h6 {[%clk 0:19:17]} 21. Ng6+
{[%clk 0:26:48]} fxg6 {[%clk 0:19:42]} 22. hxg6 {[%clk 0:27:08]} Qe4
{[%clk 0:10:40]} 23. Bxh6 {[%clk 0:25:27]} Qg4 {[%clk 0:10:39]} 24. Bg5+
{[%clk 0:25:44]} 1-0

[Event "European Individual Chess Championship 2017"]
[Site "?"]
[Date "2017.06.08"]
[Round "9.26"]
[White "Mastrovasilis, Dimitrios"]
[Black "Zhigalko, Sergei"]
[Result "1/2-1/2"]
[BlackElo "2643"]
[WhiteElo "2580"]
[LiveChessVersion "1.4.8"]

1. e4 {[%clk 1:30:54]} c5 {[%clk 1:30:56]} 2. Nf3 {[%clk 1:31:13]} Nc6
{[%clk 1:31:23]} 3. d4 {[%clk 1:31:21]} cxd4 {[%clk 1:31:49]} 4. Nxd4
{[%clk 1:31:39]} Nf6 {[%clk 1:32:15]} 5. Nc3 {[%clk 1:31:49]} e5 {[%clk 1:32:37]}
6. Ndb5 {[%clk 1:31:52]} d6 {[%clk 1:33:01]} 7. Na3 {[%clk 1:31:34]} Be6
{[%clk 1:16:57]} 8. Bg5 {[%clk 1:28:09]} Be7 {[%clk 1:09:19]} 9. Nc4
{[%clk 1:20:46]} O-O {[%clk 1:06:58]} 10. Bxf6 {[%clk 1:20:37]} Bxf6
{[%clk 1:06:59]} 11. Nd5 {[%clk 1:19:51]} Bg5 {[%clk 0:56:26]} 12. h4
{[%clk 1:19:37]} Bh6 {[%clk 0:54:58]} 13. g4 {[%clk 1:19:20]} Bf4
{[%clk 0:51:27]} 14. c3 {[%clk 1:19:23]} Bxd5 {[%clk 0:34:24]} 15. Qxd5
{[%clk 1:18:53]} Qd7 {[%clk 0:34:38]} 16. Be2 {[%clk 1:08:19]} Rad8
{[%clk 0:34:13]} 17. Rd1 {[%clk 1:07:36]} Qc7 {[%clk 0:31:46]} 18. Rh3
{[%clk 0:51:13]} Ne7 {[%clk 0:31:39]} 19. Qa5 {[%clk 0:43:58]} Qc6
{[%clk 0:29:13]} 20. Qxa7 {[%clk 0:26:32]} Qxe4 {[%clk 0:27:41]} 21. Kf1
{[%clk 0:26:40]} Qc6 {[%clk 0:13:13]} 22. Na5 {[%clk 0:18:51]} Qa4
{[%clk 0:13:30]} 1/2-1/2

[Event "European Individual Chess Championship 2017"]
[Site "?"]
[Date "2017.06.08"]
[Round "9.27"]
[White "Jojua, Davit"]
[Black "Lenic, Luka"]
[Result "1/2-1/2"]
[BlackElo "2641"]
[WhiteElo "2581"]
[LiveChessVersion "1.4.8"]

1. d4 {[%clk 1:30:57]} Nf6 {[%clk 1:30:50]} 2. c4 {[%clk 1:31:22]} e6
{[%clk 1:31:17]} 3. g3 {[%clk 1:31:45]} d5 {[%clk 1:31:35]} 4. Nf3
{[%clk 1:31:59]} Be7 {[%clk 1:32:00]} 5. Bg2 {[%clk 1:32:22]} O-O
{[%clk 1:32:20]} 6. O-O {[%clk 1:32:48]} c6 {[%clk 1:32:41]} 7. Qc2
{[%clk 1:32:31]} b6 {[%clk 1:33:03]} 8. Nbd2 {[%clk 1:32:43]} Bb7
{[%clk 1:32:49]} 9. e4 {[%clk 1:32:31]} Na6 {[%clk 1:33:06]} 10. a3
{[%clk 1:28:45]} c5 {[%clk 1:32:36]} 11. exd5 {[%clk 1:28:45]} exd5
{[%clk 1:33:02]} 12. dxc5 {[%clk 1:29:05]} Nxc5 {[%clk 1:33:15]} 13. b4
{[%clk 1:29:10]} Ne6 {[%clk 1:33:34]} 14. Bb2 {[%clk 1:29:23]} Rc8
{[%clk 1:29:59]} 15. Ne5 {[%clk 1:28:19]} Qc7 {[%clk 1:10:53]} 16. Rac1
{[%clk 1:27:49]} Nd7 {[%clk 0:39:18]} 17. Qf5 {[%clk 0:51:30]} d4
{[%clk 0:39:38]} 18. Bxb7 Qxb7 {[%clk 0:39:12]} 19. Nef3 {[%clk 0:42:11]} a5
{[%clk 0:35:42]} 20. Nxd4 {[%clk 0:35:37]} Nxd4 {[%clk 0:35:42]} 21. Bxd4
{[%clk 0:36:02]} axb4 {[%clk 0:36:00]} 22. axb4 {[%clk 0:36:11]} Bxb4
{[%clk 0:35:43]} 23. Ne4 {[%clk 0:32:27]} Qc6 {[%clk 0:21:02]} 24. Rfd1
{[%clk 0:20:44]} Rfd8 {[%clk 0:14:49]} 25. Bb2 {[%clk 0:18:06]} Qg6
{[%clk 0:13:08]} 26. Qxg6 {[%clk 0:13:43]} 1/2-1/2

[Event "European Individual Chess Championship 2017"]
[Site "?"]
[Date "2017.06.08"]
[Round "9.28"]
[White "Baghdasaryan, Vahe"]
[Black "Bacrot, Etienne"]
[Result "0-1"]
[BlackElo "2696"]
[WhiteElo "2449"]
[LiveChessVersion "1.4.8"]

1. e4 {[%clk 1:30:54]} c5 {[%clk 1:30:50]} 2. Nf3 {[%clk 1:31:10]} d6
{[%clk 1:31:14]} 3. d4 {[%clk 1:31:32]} cxd4 {[%clk 1:31:38]} 4. Nxd4
{[%clk 1:31:59]} Nf6 {[%clk 1:32:00]} 5. Nc3 {[%clk 1:32:16]} a6 {[%clk 1:32:23]}
6. Bg5 {[%clk 1:32:27]} e6 {[%clk 1:32:43]} 7. f4 {[%clk 1:32:50]} Qc7
{[%clk 1:33:07]} 8. Qf3 {[%clk 1:22:54]} Nbd7 {[%clk 1:26:16]} 9. O-O-O
{[%clk 1:22:11]} Be7 {[%clk 1:19:52]} 10. g4 {[%clk 1:16:28]} b5 {[%clk 1:19:16]}
11. Bxf6 {[%clk 1:16:37]} Nxf6 {[%clk 1:18:00]} 12. g5 {[%clk 1:16:49]} Nd7
{[%clk 1:18:17]} 13. f5 {[%clk 1:17:00]} Ne5 {[%clk 1:13:34]} 14. Qg3
{[%clk 1:14:00]} Nc6 {[%clk 0:52:04]} 15. g6 {[%clk 1:05:10]} hxg6
{[%clk 0:49:33]} 16. fxe6 {[%clk 1:05:17]} Nxd4 {[%clk 0:46:25]} 17. exf7+
{[%clk 1:05:25]} Kxf7 {[%clk 0:46:20]} 18. Rxd4 {[%clk 1:04:54]} Be6
{[%clk 0:46:16]} 19. Bd3 {[%clk 0:47:36]} g5 {[%clk 0:32:54]} 20. Nd5
{[%clk 0:35:44]} Bxd5 {[%clk 0:32:41]} 21. Rxd5 {[%clk 0:35:47]} Kg8
{[%clk 0:30:39]} 22. e5 {[%clk 0:33:48]} dxe5 {[%clk 0:29:06]} 23. Bf5
{[%clk 0:34:07]} Rh6 {[%clk 0:29:05]} 24. Rd7 {[%clk 0:33:53]} Qc5
{[%clk 0:29:09]} 25. Rhd1 {[%clk 0:29:56]} Rf8 {[%clk 0:25:56]} 26. Be4
{[%clk 0:19:57]} Kh8 {[%clk 0:25:16]} 27. a3 {[%clk 0:18:32]} b4 {[%clk 0:21:01]}
28. R1d5 {[%clk 0:16:11]} Qc4 {[%clk 0:18:10]} 29. Bd3 {[%clk 0:06:57]} Qa2
{[%clk 0:18:19]} 30. a4 {[%clk 0:03:22]} Bf6 {[%clk 0:13:43]} 31. Be4
{[%clk 0:00:40]} g4 {[%clk 0:13:16]} 32. Kd2 {[%clk 0:00:33]} Qxb2
{[%clk 0:13:10]} 33. Ke2 {[%clk 0:00:31]} Qc1 {[%clk 0:11:51]} 34. Rxe5
{[%clk 0:00:33]} Bxe5 {[%clk 0:11:20]} 35. Qxe5 {[%clk 0:00:59]} Qf1+
{[%clk 0:11:40]} 36. Ke3 {[%clk 0:00:34]} Qe1+ {[%clk 0:09:27]} 0-1

[Event "European Individual Chess Championship 2017"]
[Site "?"]
[Date "2017.06.08"]
[Round "9.29"]
[White "Wagner, Dennis"]
[Black "Moiseenko, Alexander"]
[Result "1/2-1/2"]
[BlackElo "2677"]
[WhiteElo "2571"]
[LiveChessVersion "1.4.8"]

1. d4 {[%clk 1:30:57]} Nf6 {[%clk 1:30:30]} 2. Nf3 {[%clk 1:31:15]} e6
{[%clk 1:30:34]} 3. Bf4 {[%clk 1:31:35]} b6 {[%clk 1:21:01]} 4. e3
{[%clk 1:31:56]} Bb7 {[%clk 1:21:08]} 5. Bd3 {[%clk 1:32:19]} Be7
{[%clk 1:19:04]} 6. h3 {[%clk 1:32:42]} c5 {[%clk 1:19:00]} 7. c3
{[%clk 1:32:42]} O-O {[%clk 1:17:11]} 8. Nbd2 {[%clk 1:33:06]} cxd4
{[%clk 1:15:49]} 9. exd4 {[%clk 1:33:28]} d6 {[%clk 1:10:14]} 10. O-O
{[%clk 1:33:01]} Nbd7 {[%clk 1:10:05]} 11. Re1 {[%clk 1:31:22]} Re8
{[%clk 1:09:14]} 12. Bh2 {[%clk 1:31:28]} Qc7 {[%clk 1:08:27]} 13. a4
{[%clk 1:30:39]} Bc6 {[%clk 1:02:21]} 14. Qe2 {[%clk 1:17:28]} Rab8
{[%clk 1:01:06]} 15. Nc4 {[%clk 1:11:15]} Bf8 {[%clk 0:55:54]} 16. Na3
{[%clk 1:05:30]} Rbd8 {[%clk 0:41:06]} 17. Bb5 {[%clk 1:05:42]} Nb8
{[%clk 0:36:28]} 18. Nc2 {[%clk 1:02:59]} a6 {[%clk 0:34:27]} 19. Bd3
{[%clk 0:50:48]} Qb7 {[%clk 0:34:38]} 20. Nb4 {[%clk 0:47:07]} Bxf3
{[%clk 0:32:58]} 21. Qxf3 {[%clk 0:47:07]} Qxf3 22. gxf3 {[%clk 0:48:01]} a5
{[%clk 0:32:45]} 23. Nc2 {[%clk 0:48:27]} g6 {[%clk 0:21:58]} 24. Ra3
{[%clk 0:44:07]} Re7 {[%clk 0:21:04]} 25. Rb3 {[%clk 0:42:02]} Rb7
{[%clk 0:21:28]} 26. Ne3 {[%clk 0:16:28]} d5 {[%clk 0:20:56]} 27. Be5
{[%clk 0:15:15]} Nh5 {[%clk 0:16:07]} 28. Ng4 {[%clk 0:14:28]} Bd6
{[%clk 0:13:19]} 29. Nf6+ {[%clk 0:14:42]} Nxf6 {[%clk 0:13:41]} 30. Bxf6
{[%clk 0:15:09]} Rf8 {[%clk 0:13:41]} 31. Bb5 {[%clk 0:14:46]} Be7
{[%clk 0:12:38]} 32. Be5 {[%clk 0:14:06]} Rd8 {[%clk 0:13:00]} 33. Kg2
{[%clk 0:13:48]} Kf8 {[%clk 0:12:39]} 34. Re2 {[%clk 0:12:22]} Bd6
{[%clk 0:11:32]} 35. Bf6 {[%clk 0:12:47]} Be7 {[%clk 0:10:41]} 36. Be5
{[%clk 0:13:16]} Bd6 {[%clk 0:09:22]} 37. Bf6 {[%clk 0:13:40]} Be7
{[%clk 0:04:14]} 1/2-1/2

[Event "European Individual Chess Championship 2017"]
[Site "?"]
[Date "2017.06.08"]
[Round "9.30"]
[White "Rakhmanov, Aleksandr"]
[Black "Predke, Alexandr"]
[Result "1-0"]
[BlackElo "2566"]
[WhiteElo "2676"]
[LiveChessVersion "1.4.8"]

1. d4 {[%clk 1:30:44]} Nf6 {[%clk 1:29:38]} 2. c4 {[%clk 1:30:28]} e6
{[%clk 1:29:59]} 3. Nc3 {[%clk 1:30:52]} Bb4 {[%clk 1:30:19]} 4. e3
{[%clk 1:31:15]} O-O {[%clk 1:30:06]} 5. Bd3 {[%clk 1:31:38]} d5 {[%clk 1:30:31]}
6. cxd5 {[%clk 1:28:39]} exd5 {[%clk 1:30:39]} 7. Nge2 {[%clk 1:28:54]} Re8
{[%clk 1:30:45]} 8. O-O {[%clk 1:28:55]} Bf8 {[%clk 1:30:27]} 9. Bd2
{[%clk 1:27:49]} b6 {[%clk 1:29:40]} 10. a3 {[%clk 1:21:54]} c5 {[%clk 1:26:38]}
11. Rc1 {[%clk 1:21:23]} Ba6 {[%clk 1:23:03]} 12. Bb1 {[%clk 1:18:34]} Nc6
{[%clk 1:05:40]} 13. Re1 {[%clk 1:06:00]} Qd7 {[%clk 1:02:09]} 14. Bc2
{[%clk 0:43:39]} Rab8 {[%clk 0:50:52]} 15. h3 {[%clk 0:39:06]} g6
{[%clk 0:49:13]} 16. Ba4 {[%clk 0:38:35]} b5 {[%clk 0:33:19]} 17. Bc2
{[%clk 0:38:43]} c4 {[%clk 0:31:30]} 18. Nf4 {[%clk 0:37:50]} Bc8
{[%clk 0:30:41]} 19. Qf3 {[%clk 0:36:45]} Ne7 {[%clk 0:28:22]} 20. Nxg6
{[%clk 0:35:08]} hxg6 {[%clk 0:26:31]} 21. Qxf6 {[%clk 0:35:28]} a5
{[%clk 0:26:25]} 22. Ra1 {[%clk 0:32:56]} Qb7 {[%clk 0:17:00]} 23. Qf3
{[%clk 0:23:53]} b4 {[%clk 0:11:10]} 24. axb4 {[%clk 0:24:01]} axb4
{[%clk 0:11:38]} 25. Na4 {[%clk 0:24:14]} Nf5 {[%clk 0:08:14]} 26. Nc5
{[%clk 0:20:24]} Qc7 {[%clk 0:06:30]} 27. Qxd5 {[%clk 0:07:26]} Bxc5
{[%clk 0:00:51]} 28. Qxc5 {[%clk 0:06:13]} Qxc5 {[%clk 0:01:18]} 29. dxc5
{[%clk 0:06:40]} c3 {[%clk 0:00:52]} 30. bxc3 {[%clk 0:05:20]} Rd8
{[%clk 0:00:57]} 31. Bc1 {[%clk 0:04:16]} b3 {[%clk 0:01:24]} 32. Rb1
{[%clk 0:04:05]} Be6 {[%clk 0:01:37]} 33. Bd1 {[%clk 0:02:22]} Ne7
{[%clk 0:01:03]} 34. e4 {[%clk 0:01:54]} Rd3 {[%clk 0:00:52]} 35. Bb2
{[%clk 0:00:52]} Nc6 {[%clk 0:00:51]} 36. Be2 {[%clk 0:00:54]} Rd2
{[%clk 0:00:55]} 37. Bc1 {[%clk 0:01:06]} Rc2 {[%clk 0:01:02]} 38. Bf4
{[%clk 0:01:27]} Rb7 {[%clk 0:00:34]} 39. Ba6 {[%clk 0:01:37]} Ra7
{[%clk 0:00:47]} 40. Bb5 {[%clk 0:31:34]} Na5 {[%clk 0:30:35]} 41. Red1
{[%clk 0:20:01]} f6 {[%clk 0:26:06]} 42. c6 {[%clk 0:16:05]} Kf7 {[%clk 0:22:15]}
43. c7 {[%clk 0:14:08]} g5 {[%clk 0:20:44]} 44. Bd7 {[%clk 0:12:39]} Rxc3
{[%clk 0:20:55]} 45. Bxe6+ {[%clk 0:10:20]} Kxe6 {[%clk 0:21:21]} 46. Rdc1
{[%clk 0:06:48]} 1-0

[Event "European Individual Chess Championship 2017"]
[Site "?"]
[Date "2017.06.08"]
[Round "9.31"]
[White "Safarli, Eltaj"]
[Black "Bortnyk, Olexandr"]
[Result "1/2-1/2"]
[BlackElo "2567"]
[WhiteElo "2668"]
[LiveChessVersion "1.4.8"]

1. e4 {[%clk 1:30:58]} Nf6 {[%clk 1:28:55]} 2. e5 {[%clk 1:31:13]} Nd5
{[%clk 1:29:21]} 3. d4 {[%clk 1:31:37]} d6 {[%clk 1:29:48]} 4. Nf3
{[%clk 1:32:02]} dxe5 {[%clk 1:30:14]} 5. Nxe5 {[%clk 1:32:26]} c6
{[%clk 1:30:42]} 6. Be2 {[%clk 1:32:37]} Bf5 {[%clk 1:31:06]} 7. O-O
{[%clk 1:32:59]} Nd7 {[%clk 1:31:33]} 8. Nf3 {[%clk 1:33:23]} e6 {[%clk 1:31:25]}
9. c4 {[%clk 1:33:35]} N5f6 {[%clk 1:30:50]} 10. Nc3 {[%clk 1:33:55]} Be7
{[%clk 1:30:36]} 11. Nh4 {[%clk 1:32:02]} Bg6 {[%clk 1:29:55]} 12. g3
{[%clk 1:31:37]} Qc7 {[%clk 1:22:45]} 13. Bf3 {[%clk 1:29:26]} Rd8
{[%clk 1:14:35]} 14. Qe2 {[%clk 1:21:45]} O-O {[%clk 1:11:01]} 15. Re1
{[%clk 1:17:14]} Rfe8 {[%clk 1:08:40]} 16. Nxg6 {[%clk 1:13:17]} hxg6
{[%clk 1:04:12]} 17. Bf4 {[%clk 1:10:10]} Bd6 {[%clk 1:01:35]} 18. Bg5
{[%clk 1:03:55]} Bb4 {[%clk 1:00:33]} 19. Bf4 {[%clk 0:51:43]} Qa5
{[%clk 0:54:48]} 20. Rac1 {[%clk 0:29:03]} e5 {[%clk 0:43:13]} 21. dxe5
{[%clk 0:28:48]} Nxe5 {[%clk 0:42:15]} 22. Bxe5 {[%clk 0:28:24]} Bd6
{[%clk 0:42:37]} 23. b4 {[%clk 0:19:19]} Qxe5 {[%clk 0:42:33]} 24. Qxe5
{[%clk 0:19:34]} Bxe5 {[%clk 0:42:51]} 25. Ne4 {[%clk 0:16:22]} 1/2-1/2